| 000 | 01216nam a2200217Ia 4500 | ||
|---|---|---|---|
| 003 | Ost | ||
| 005 | 20260507075644.0 | ||
| 008 | 260507s9999||||xx |||||||||||||| ||und|| | ||
| 040 | _cfsecg | ||
| 041 | _aara | ||
| 082 | _a1.6 | ||
| 100 |
_aالجنبيهى، منير محمد _eمؤلف |
||
| 245 | 0 |
_aالتبادل الإلكتروني للبيانات / _c منير محمد الجنبيهى |
|
| 260 |
_aالإسكندرية: _bدار الفكر الجامعي, _c2004 |
||
| 300 |
_a131 صفحة؛ _bإيضاحات ؛ _c24 سم |
||
| 520 | _aتاريخ الانترنت، مستقبله، الجيل الثاني للأنترنت، الجيل الثالث للتبادل الإلكتروني، نظام التبادل الإلكتروني، كيف يعمل البريد الإلكتروني، مكتب البريد وبصمته، القانون النموذجي الخاص بالتبادل الإلكتروني للبيانات، سجل تطور القانون النموذجي وخلفيته | ||
| 653 | _aتبادل المعلومات | ||
| 653 | _aنظم المعلومات- المؤسسة الممتدة | ||
| 700 |
_aالجنبيهي، ممدوح محمد _eمؤلف ثانوي |
||
| 942 | _cكتاب | ||
| 999 |
_c45460 _d45460 |
||